| 000 | 00875cab a22002175a 4500 | ||
|---|---|---|---|
| 001 | L159993 | ||
| 008 | 150113e2016 xxk 000 0 eng d | ||
| 035 | _a(Sirsi) u159993 | ||
| 041 | 0 | _aeng | |
| 050 | _a693.82 $2 18 | ||
| 100 | 1 | _aHunt, Nick | |
| 245 | 0 | 0 |
_aBlaze from the past _h[electronic resource] |
| 260 |
_aLondon _bRICS _c2016 |
||
| 490 |
_aRICS Building Surveying Journal _vOctober 2016 - November 2016, 30-31(2) |
||
| 520 | _aExplores why our historic properties are at such risk from fire. | ||
| 650 | 2 | 4 | _aBUILDING REGULATIONS 2015 APPROVED DOCUMENT B (2015 EDITION) |
| 650 | 2 | 4 | _aBUILT ENVIRONMENT-BUILDING TYPES-ANCIENT MONUMENTS AND HISTORIC BUILDINGS-LISTED BUILDINGS |
| 690 | _aMANAGEMENT-HEALTH AND SAFETY-FIRE SAFETY | ||
| 856 | 4 | 0 |
_uhttps://issuu.com/ricsmodus/docs/bsj___bcj_oct_nov_2016_interactive _yAvailable free online via Issuu |
| 942 | _n0 | ||
| 999 |
_c85110 _d85110 |
||